Quiz sur les Balkans - Statistiques

Statistiques générales
  • Ce quiz a été pris 128 fois
  • Le résultat moyen est 8 sur 15
Statistiques - réponses
Description Réponse % Correct
Joueur de tennis serbe considéré comme l'un des meilleurs joueurs de tennis de tous les temps Novak Djokovic
84%
Territoire au statut contesté en éternel conflit avec la Serbie Kosovo
80%
Branche du christianisme la plus pratiquée Orthodoxie
77%
Pays vainqueur de l'Euro 2004 Grèce
74%
Ballon d'or croate 2018 Luka Modrić
68%
Plus long fleuve passant par les Balkans Danube
59%
Sommet traditionnellement considéré comme le domaine des dieux de la mythologie grecque Mont Olympe
58%
Assassiné le 28 juin 1914 à Sarajevo, considéré comme évènement déclencheur de la Première Guerre Mondiale Franz-Ferdinand d'Autriche
56%
Plat grec composé d'aubergines grillées, d'oignons et de tomates. Moussaka
55%
Inventeur d'origine serbe né à Smiljan, en actuelle Croatie Nikola Tesla
46%
Président serbe de 1989 à 2000 ayant contribué au renouveau du nationalisme, accusé pour crimes de guerre, crimes contre l'humanité, et génocides Slobodan Milošević
44%
Cité de Dalmatie protégée par ses célèbres remparts Dubrovnik
32%
Prince roumain ayant inspiré le personnage de Dracula Vlad III l'Empaleur
26%
Héros national albanais connu pour sa résistance à l'Empire Ottoman Skanderbeg
14%
Point culminant des Balkans Mont Musala
5%
Aucun quiz correspondant
Distribution des résultats
% des personnes avec chaque résultat
Percentile par nombre de réponses
Votre historique - résultats
Vous n’avez pas pris ce quiz